[Event "Kvalifikacije za Sampionat 2015"]
[Site "Kragujevac"]
[Date "2015.03.12"]
[Round "5.2"]
[White "Pavlovic, Milos"]
[Black "Abramovic, Bosko"]
[Result "1-0"]
[WhiteElo "2482"]
[BlackElo "2462"]
[PlyCount "79"]
[EventDate "2015.??.??"]

1. d4 Nf6 2. c4 e6 3. Nf3 b6 4. e3 Bb7 5. Nc3 d5 6. cxd5 exd5 7. Bb5+ c6 8. Bd3
Nbd7 9. O-O Be7 10. Ne5 O-O 11. f4 c5 12. Qf3 cxd4 13. exd4 Ne4 14. Qh3 Ndf6
15. Rf3 Nxc3 16. bxc3 Ne4 17. Qh5 f5 18. Rh3 h6 19. g4 Qe8 20. g5 Qxh5 21. Rxh5
Kh7 22. a4 Bd6 23. g6+ Kg8 24. Nf7 Bc7 25. Ba3 Rfe8 26. Rxf5 Re6 27. Ne5 Bxe5
28. fxe5 Rxg6+ 29. Kh1 Rc8 30. Rc1 Bc6 31. Rf4 Bxa4 32. c4 Bb3 33. Rc3 Ba4 34.
Bxe4 dxe4 35. d5 Re8 36. Rxe4 Bd1 37. e6 Bg4 38. Rg3 Bf5 39. Re5 Rgxe6 40. dxe6
1-0

[Event "Kvalifikacije za Sampionat 2015"]
[Site "Kragujevac"]
[Date "2015.03.12"]
[Round "5.3"]
[White "Jovanovic, Bojan P"]
[Black "Kovacevic, Aleksandar"]
[Result "1/2-1/2"]
[WhiteElo "2261"]
[BlackElo "2517"]
[PlyCount "41"]
[EventDate "2015.??.??"]

1. d4 Nf6 2. c4 e6 3. Nf3 b6 4. g3 Ba6 5. Qc2 c5 6. d5 exd5 7. cxd5 Bb7 8. Bg2
Nxd5 9. O-O Nc6 10. Rd1 Be7 11. Qa4 Nf6 12. Nh4 g6 13. Bh6 Bf8 14. Bxf8 Kxf8
15. Nc3 Kg7 16. Qf4 Rb8 17. Qg5 Ne8 18. Nf5+ Kg8 19. Nh6+ Kg7 20. Nf5+ Kg8 21.
Nh6+ 1/2-1/2

[Event "Kvalifikacije za Sampionat 2015"]
[Site "Kragujevac"]
[Date "2015.03.12"]
[Round "5.4"]
[White "Tadic, Branko"]
[Black "Radovanovic, Nikola"]
[Result "1/2-1/2"]
[WhiteElo "2496"]
[BlackElo "2399"]
[PlyCount "82"]
[EventDate "2015.??.??"]

1. Nf3 Nf6 2. c4 g6 3. g3 Bg7 4. Bg2 O-O 5. O-O c5 6. d4 Nc6 7. d5 Na5 8. Nfd2
d6 9. a3 b6 10. Qc2 Bd7 11. b4 Nb7 12. Bb2 cxb4 13. axb4 a5 14. b5 Rc8 15. Bd4
Ne8 16. Qb2 Nc5 17. Ra3 e5 18. dxe6 Bxe6 19. Bxg7 Nxg7 20. Rd1 f5 21. Nc3 Qf6
22. Qc1 Kh8 23. Bd5 Bd7 24. Nf3 f4 25. Qd2 g5 26. Qd4 Qe7 27. Ra2 h6 28. Be4
Be6 29. Bc6 Kh7 30. Rad2 Nf5 31. Nd5 Qf7 32. Qb2 g4 33. Nd4 fxg3 34. hxg3 Nxg3
35. Qc2+ Kh8 36. fxg3 Qf2+ 37. Kh1 Qxg3 38. e4 Qh3+ 39. Kg1 Bxd5 40. Bxd5 Qe3+
41. Kh1 Qh3+ 1/2-1/2

[Event "Kvalifikacije za Sampionat 2015"]
[Site "Kragujevac"]
[Date "2015.03.12"]
[Round "5.5"]
[White "Markovic, Miroslav"]
[Black "Misailovic, Nebojsa"]
[Result "1-0"]
[WhiteElo "2481"]
[BlackElo "2323"]
[PlyCount "63"]
[EventDate "2015.??.??"]

1. e4 c5 2. Nf3 Nc6 3. c3 d5 4. exd5 Qxd5 5. d4 Bg4 6. Be2 e6 7. h3 Bh5 8. c4
Qd6 9. d5 Ne5 10. Nc3 Nxf3+ 11. Bxf3 Bxf3 12. Qxf3 Nf6 13. O-O e5 14. Bg5 Nd7
15. Rad1 Qg6 16. h4 Bd6 17. Ne4 h5 18. Qf5 Be7 19. Qxg6 fxg6 20. g3 Bxg5 21.
Nxg5 O-O 22. Ne6 Rf6 23. f4 exf4 24. Rxf4 a6 25. a4 b5 26. axb5 axb5 27. cxb5
Rxf4 28. gxf4 Ra4 29. d6 Kf7 30. Re1 Kf6 31. Ng5 Rd4 32. Re7 1-0

[Event "Kvalifikacije za Sampionat 2015"]
[Site "Kragujevac"]
[Date "2015.03.12"]
[Round "5.6"]
[White "Antic, Dejan"]
[Black "Rabrenovic, Vladan"]
[Result "1/2-1/2"]
[WhiteElo "2457"]
[BlackElo "2373"]
[PlyCount "82"]
[EventDate "2015.??.??"]

1. d4 d6 2. Nf3 g6 3. c4 Bg7 4. Nc3 e5 5. e4 Nc6 6. dxe5 dxe5 7. Qxd8+ Kxd8 8.
Bg5+ f6 9. Rd1+ Bd7 10. Be3 Nb4 11. Rd2 Bh6 12. Bxh6 Nxh6 13. g3 Kc8 14. a3 Na6
15. Nd5 Ng8 16. b4 c6 17. Ne3 Ne7 18. c5 b5 19. Rd6 Rf8 20. g4 Nc7 21. g5 Ne8
22. Rd1 fxg5 23. Nxe5 Be6 24. Bg2 a5 25. O-O axb4 26. axb4 Ra4 27. Rd6 Nxd6 28.
cxd6 Ng8 29. Nxc6 Kd7 30. e5 Rc8 31. Nd4 Rxb4 32. Rd1 Nh6 33. Bd5 Bxd5 34. Nxd5
Rxd4 35. Rxd4 Ke6 36. Ne7 Rc5 37. d7 Nf7 38. Ng8 Rd5 39. Rxd5 Kxd5 40. Nf6+
Kxe5 41. Nxh7 Kd6 1/2-1/2

[Event "Kvalifikacije za Sampionat 2015"]
[Site "Kragujevac"]
[Date "2015.03.12"]
[Round "5.7"]
[White "Ratkovic, Milovan"]
[Black "Ristic, Nenad"]
[Result "1-0"]
[WhiteElo "2364"]
[BlackElo "2437"]
[PlyCount "59"]
[EventDate "2015.??.??"]

1. d4 Nf6 2. c4 g6 3. f3 e5 4. dxe5 Nh5 5. g3 d6 6. f4 dxe5 7. Qxd8+ Kxd8 8.
fxe5 Nc6 9. Nf3 Bg7 10. Nc3 Be6 11. Bg2 Kc8 12. Ne4 Bxc4 13. g4 f5 14. gxh5
fxe4 15. h6 Bf8 16. Nd2 Be6 17. Nxe4 Nd4 18. O-O Nc2 19. Bg5 Nxa1 20. Rxa1 Bd5
21. Bh3+ Kb8 22. Rd1 Bxh6 23. Rxd5 Bxg5 24. Nxg5 a5 25. e6 h5 26. e7 c6 27.
Rd8+ Kc7 28. Ne6+ Kb6 29. Rxa8 Rxa8 30. Nd8 1-0

[Event "Kvalifikacije za Sampionat 2015"]
[Site "Kragujevac"]
[Date "2015.03.12"]
[Round "5.8"]
[White "Cvetkovic, Srdjan"]
[Black "Tosic, Miroslav"]
[Result "1/2-1/2"]
[WhiteElo "2296"]
[BlackElo "2413"]
[PlyCount "50"]
[EventDate "2015.03.09"]

1. c4 Nf6 2. g3 g6 3. Nc3 Bg7 4. Bg2 O-O 5. b3 c5 6. Bb2 e5 7. e3 Nc6 8. Nge2
d6 9. O-O Bf5 10. d3 Qd7 11. Nd5 Nxd5 12. cxd5 Nb4 13. e4 Bg4 14. f3 Bh3 15. a3
Bxg2 16. Kxg2 Na6 17. g4 Nc7 18. a4 f5 19. gxf5 gxf5 20. Kh1 f4 21. Rg1 Rf6 22.
Qe1 Qh3 23. Qf2 Rg6 24. Rxg6 hxg6 25. Rg1 Kf7 1/2-1/2

[Event "Kvalifikacije za Sampionat 2015"]
[Site "Kragujevac"]
[Date "2015.03.12"]
[Round "5.9"]
[White "Ugrenovic, Bozidar"]
[Black "Novoselski, Zoran"]
[Result "0-1"]
[WhiteElo "2194"]
[BlackElo "2365"]
[PlyCount "102"]
[EventDate "2015.03.09"]

1. c4 Nf6 2. Nf3 c5 3. Nc3 Nc6 4. g3 d5 5. d4 cxd4 6. Nxd4 dxc4 7. Nxc6 Qxd1+
8. Nxd1 bxc6 9. Bg2 Nd5 10. Ne3 e6 11. Nxc4 Ba6 12. b3 Be7 13. Bd2 O-O 14. Rc1
Nb4 15. Na5 Rac8 16. Nxc6 Nxc6 17. Rxc6 Rxc6 18. Bxc6 Rc8 19. Bf3 Rc2 20. a4
Rb2 21. Be3 Bb4+ 22. Kf1 Rxb3 23. Kg2 Ba5 24. Bxa7 Rb4 25. Ra1 g5 26. h3 f5 27.
g4 f4 28. e3 e5 29. Bd5+ Kg7 30. Bc5 Bb7 31. Bxb7 Rxb7 32. Rd1 e4 33. exf4 gxf4
34. h4 Kf6 35. Bd6 f3+ 36. Kh3 Rb2 37. Bg3 Bb6 38. Re1 Re2 39. Rf1 Ra2 40. h5
Bc5 41. a5 Rxa5 42. Rc1 Ke6 43. g5 Kf5 44. g6 hxg6 45. hxg6 Bd4 46. Rc4 Bf6 47.
Rc7 Kxg6 48. Kg4 Rg5+ 49. Kh3 Rxg3+ 50. fxg3 e3 51. Rc1 e2 0-1

[Event "Kvalifikacije za Sampionat 2015"]
[Site "Kragujevac"]
[Date "2015.03.12"]
[Round "5.10"]
[White "Zlatanovic, Boroljub"]
[Black "Radosavljevic, Slobodan D"]
[Result "1-0"]
[WhiteElo "2382"]
[BlackElo "2156"]
[PlyCount "57"]
[EventDate "2015.03.09"]

1. e4 c5 2. g3 g6 3. Bg2 Bg7 4. Ne2 Nc6 5. d3 Nf6 6. O-O O-O 7. f4 d5 8. e5 Ne8
9. c4 Nc7 10. Nbc3 e6 11. d4 cxd4 12. Nxd4 Nxd4 13. Qxd4 f6 14. Re1 fxe5 15.
fxe5 dxc4 16. Qxc4 Rb8 17. Be3 b6 18. Rad1 Qe7 19. Qd4 Bb7 20. Qd6 Qxd6 21.
exd6 Nd5 22. Nxd5 exd5 23. d7 Bxb2 24. Bg5 Bf6 25. Bxf6 Rxf6 26. Re8+ Rf8 27.
Rde1 Bc6 28. Rxb8 Rxb8 29. Bxd5+ 1-0

[Event "Kvalifikacije za Sampionat 2015"]
[Site "Kragujevac"]
[Date "2015.03.12"]
[Round "5.11"]
[White "Pavlovic, Goran"]
[Black "Zivanovic, Nenad"]
[Result "1-0"]
[WhiteElo "2368"]
[BlackElo "2136"]
[PlyCount "67"]
[EventDate "2015.03.09"]

1. Nf3 d5 2. d4 Nf6 3. c4 e6 4. Nc3 Be7 5. Bg5 Nbd7 6. e3 O-O 7. Rc1 b6 8. cxd5
exd5 9. Qa4 Nb8 10. Bd3 Bb7 11. Qc2 h6 12. Bxf6 Bxf6 13. b4 Be7 14. Qb3 a5 15.
b5 Qd6 16. O-O Rc8 17. Ne5 a4 18. Nxa4 Qa3 19. Nc3 Qxb3 20. axb3 Bb4 21. Na4
Bd6 22. Rc2 Re8 23. Rfc1 f6 24. Ng6 Nd7 25. Nh4 Rac8 26. Nf5 Kf8 27. Nxd6 cxd6
28. Rc7 Red8 29. Kf1 Rb8 30. Bf5 Ke8 31. Bxd7+ Rxd7 32. Nxb6 Rxc7 33. Rxc7 Ba8
34. Nxa8 1-0

[Event "Kvalifikacije za Sampionat 2015"]
[Site "Kragujevac"]
[Date "2015.03.12"]
[Round "5.12"]
[White "Ilic, Zoran S"]
[Black "Djokic, Nebojsa"]
[Result "1-0"]
[WhiteElo "2295"]
[BlackElo "2186"]
[PlyCount "125"]
[EventDate "2015.03.09"]

1. d4 Nf6 2. Nf3 g6 3. c4 Bg7 4. g3 O-O 5. Bg2 c5 6. d5 b5 7. cxb5 Qa5+ 8. Nfd2
Qxb5 9. Nc3 Qa6 10. O-O d6 11. b3 Nbd7 12. Bb2 Rb8 13. Nc4 Nb6 14. Ne3 Qa5 15.
Qc2 Ng4 16. Nxg4 Bxg4 17. Rfc1 c4 18. Qe4 Bf5 19. Qxe7 Qb4 20. e4 Bd7 21. Rab1
Rbe8 22. Qh4 f5 23. Ba1 cxb3 24. Rxb3 Qa5 25. exf5 Rxf5 26. Rbb1 Rxf2 27. Be4
Bf6 28. Qh6 Bd4 29. Kh1 Rxe4 30. Nxe4 Qxd5 31. Qh4 Bxa1 32. Rxa1 Bc6 33. Kg1
Rf8 34. Rxc6 Qd4+ 35. Kg2 Qxa1 36. Nf2 Qxa2 37. Qd4 Qe2 38. Rc7 Qf3+ 39. Kg1
Rf7 40. Rxf7 Qxf7 41. Qxd6 Qd7 42. Qb8+ Kg7 43. Qe5+ Kf7 44. Ne4 Nc4 45. Qc3
Qd1+ 46. Kf2 Qd5 47. Qxc4 Qxc4 48. Nd6+ Ke6 49. Nxc4 Kd5 50. Na5 Kc5 51. Ke3
Kb5 52. Nb7 Kc6 53. Nd8+ Kd7 54. Nf7 a5 55. Ne5+ Ke6 56. Ke4 a4 57. Nc4 Kf6 58.
Kf4 g5+ 59. Ke4 h5 60. h3 Ke6 61. Na3 Kd6 62. Kd4 Kc6 63. Nc2 1-0

[Event "Kvalifikacije za Sampionat 2015"]
[Site "Kragujevac"]
[Date "2015.03.12"]
[Round "5.13"]
[White "Stojanovic, Zlatko"]
[Black "Irizanin, Radoje"]
[Result "1-0"]
[WhiteElo "2218"]
[BlackElo "2295"]
[PlyCount "95"]
[EventDate "2015.03.09"]

1. e4 d6 2. d4 Nf6 3. Nc3 g6 4. Nf3 Bg7 5. Bd3 O-O 6. Be3 c6 7. Qd2 b5 8. Bh6
Nbd7 9. O-O e5 10. Bxg7 Kxg7 11. dxe5 dxe5 12. b4 a5 13. a3 Qe7 14. Ne2 Nh5 15.
a4 axb4 16. axb5 Rxa1 17. Rxa1 c5 18. c3 Nb6 19. cxb4 c4 20. Bc2 Bg4 21. Qc3
Bxf3 22. Qxf3 Qxb4 23. Qe3 Ra8 24. Rb1 Qd6 25. Rd1 Qc7 26. Nc3 Nf6 27. h3 Ra3
28. Qd2 Qc5 29. Nd5 Nfxd5 30. exd5 Qd6 31. f4 exf4 32. Qd4+ f6 33. Re1 Re3 34.
Rxe3 fxe3 35. Qxe3 Nxd5 36. Qa7+ Kh6 37. Qf7 c3 38. Qa7 Qf4 39. Qf2 Kg5 40. Qc5
Qc1+ 41. Kh2 Qxc2 42. Qxd5+ Qf5 43. Qc4 c2 44. b6 Qe5+ 45. g3 Qe3 46. Qxc2 Qxb6
47. Qd2+ Kf5 48. Qd5# 1-0

[Event "Kvalifikacije za Sampionat 2015"]
[Site "Kragujevac"]
[Date "2015.03.12"]
[Round "5.14"]
[White "Stojanovic, Andjelija"]
[Black "Colovic, Zoran"]
[Result "1-0"]
[WhiteElo "2284"]
[BlackElo "2066"]
[PlyCount "89"]
[EventDate "2015.03.09"]

1. c4 Nf6 2. Nc3 g6 3. g3 Bg7 4. Bg2 d6 5. Nf3 O-O 6. O-O Nbd7 7. d4 c5 8. b3
a6 9. Bb2 Rb8 10. Qd2 b6 11. e4 Bb7 12. Rfe1 cxd4 13. Nxd4 Nc5 14. Nd5 e6 15.
Nxf6+ Qxf6 16. Rad1 e5 17. Nc2 Rfd8 18. Nb4 Ne6 19. Nd5 Bxd5 20. cxd5 Nd4 21.
f4 Rdc8 22. fxe5 dxe5 23. Bxd4 exd4 24. e5 Qf5 25. Qxd4 Re8 26. Qf4 Rxe5 27.
Qxf5 Rxf5 28. d6 Rd8 29. d7 Re5 30. Rxe5 Bxe5 31. Bb7 a5 32. Bc6 Kf8 33. Kf2 h5
34. Re1 f6 35. Bb5 Ke7 36. Kf3 g5 37. Ke4 Ke6 38. Rf1 h4 39. gxh4 gxh4 40. h3
Bg3 41. Rf5 Rh8 42. Rd5 Ke7 43. Be2 Ra8 44. Bg4 Be5 45. Rd1 1-0

[Event "Kvalifikacije za Sampionat 2015"]
[Site "Kragujevac"]
[Date "2015.03.12"]
[Round "5.15"]
[White "Petrovic, Dragan R"]
[Black "Rajkovic, Mladen"]
[Result "1-0"]
[WhiteElo "2180"]
[BlackElo "2266"]
[PlyCount "71"]
[EventDate "2015.03.09"]

1. d4 Nf6 2. c4 e6 3. Nf3 b6 4. a3 Bb7 5. Nc3 d5 6. cxd5 Nxd5 7. e3 Nxc3 8.
bxc3 Nd7 9. Bd3 Bd6 10. e4 e5 11. O-O O-O 12. a4 a5 13. Qe2 Qe7 14. Bg5 f6 15.
Bh4 Qe8 16. Nd2 c6 17. Bg3 Qc8 18. Qg4 Kh8 19. Rab1 Bc7 20. f4 f5 21. exf5 Nf6
22. Qh4 exd4 23. cxd4 Qd7 24. Bf2 Nd5 25. Nc4 Rf6 26. Ne5 Qd6 27. Rbe1 c5 28.
dxc5 bxc5 29. Be4 Kg8 30. Rd1 Rd8 31. Ng4 Rff8 32. f6 g6 33. Bxg6 Rd7 34. f7+
Rdxf7 35. Nh6+ Kh8 36. Nxf7+ 1-0

[Event "Kvalifikacije za Sampionat 2015"]
[Site "Kragujevac"]
[Date "2015.03.12"]
[Round "5.16"]
[White "Milosevic, Rade"]
[Black "Stankovic, Ivan G"]
[Result "0-1"]
[WhiteElo "2095"]
[BlackElo "2243"]
[PlyCount "98"]
[EventDate "2015.03.09"]

1. Nf3 c5 2. c4 Nc6 3. d4 cxd4 4. Nxd4 g6 5. e4 Nf6 6. Nc3 Bg7 7. Be3 O-O 8.
Be2 a5 9. Qd2 a4 10. f3 Qa5 11. O-O d6 12. Rab1 Nxd4 13. Bxd4 Be6 14. Rfc1 Rfc8
15. b3 axb3 16. axb3 Qb4 17. Be3 Nd7 18. Nd5 Qxd2 19. Bxd2 Kf8 20. Rc2 f5 21.
b4 Bd4+ 22. Kf1 Nf6 23. Nxf6 Bxf6 24. Be3 Be5 25. g3 Ra3 26. Kf2 fxe4 27. fxe4
Kg7 28. Bc1 Rc3 29. Rxc3 Bxc3 30. Bg5 Kf7 31. c5 dxc5 32. bxc5 Rxc5 33. Be3 Rc7
34. Bb6 Rd7 35. Ke3 Bd2+ 36. Kf2 Bg5 37. Rd1 Rd6 38. Rxd6 exd6 39. Bc7 Ke7 40.
e5 dxe5 41. Bxe5 Bd5 42. Bb5 Bf6 43. Bf4 Bc6 44. Bc4 b5 45. Bg8 b4 46. Ke2 Ba4
47. g4 b3 48. h3 b2 49. Ba2 Bc2 0-1

[Event "Kvalifikacije za Sampionat 2015"]
[Site "Kragujevac"]
[Date "2015.03.12"]
[Round "5.17"]
[White "Knezevic, Veljko"]
[Black "Jovanovic, Sasa T"]
[Result "1/2-1/2"]
[WhiteElo "2015"]
[BlackElo "2222"]
[PlyCount "52"]
[EventDate "2015.03.09"]

1. d4 d5 2. c4 e6 3. Nc3 c5 4. cxd5 exd5 5. Nf3 Nc6 6. g3 Nf6 7. Bg2 Be7 8. O-O
O-O 9. Bf4 cxd4 10. Nxd4 Bg4 11. Rc1 Qd7 12. Re1 Bh3 13. Bf3 Rac8 14. Nxc6 bxc6
15. Qa4 h6 16. Red1 Bc5 17. e4 Bg4 18. Bxg4 Qxg4 19. Kg2 Qe6 20. exd5 cxd5 21.
Re1 Qb6 22. Re2 d4 23. Ne4 Nxe4 24. Rxe4 Qxb2 25. Qd7 Rfd8 26. Qf5 Qb7 {...}
1/2-1/2

[Event "Kvalifikacije za Sampionat 2015"]
[Site "Kragujevac"]
[Date "2015.03.12"]
[Round "5.18"]
[White "Sorgic, Dragan"]
[Black "Pecinar, Zoran"]
[Result "1-0"]
[WhiteElo "2220"]
[BlackElo "2169"]
[PlyCount "87"]
[EventDate "2015.03.09"]

1. e4 d6 2. d4 Nf6 3. Nc3 g6 4. Nf3 Bg7 5. Be2 O-O 6. O-O Nbd7 7. h3 e5 8. dxe5
Nxe5 9. Nxe5 dxe5 10. Bc4 c6 11. a4 Qe7 12. b3 Rd8 13. Ba3 Qe8 14. Qf3 Be6 15.
Bd3 Nh5 16. Rfd1 Bf8 17. Bb2 Be7 18. a5 Qf8 19. Na4 f6 20. Bc1 Bf7 21. Be3 Ng7
22. Nb2 Ne6 23. Bc4 Kg7 24. c3 Qe8 25. b4 Rd7 26. Qe2 Qc8 27. Qc2 Rxd1+ 28.
Rxd1 Nc7 29. Qb3 Be6 30. Bxe6 Nxe6 31. Na4 Kf7 32. Bc5 Qc7 33. Bxe7 Kxe7 34.
Nc5 Nxc5 35. bxc5 Rb8 36. Rd6 Qc8 37. Qa4 Kf7 38. Qd1 Ke7 39. Qf3 Qf8 40. Qg4
Qc8 41. Qh4 Qh8 42. f4 h6 43. fxe5 g5 44. Qg4 1-0

[Event "Kvalifikacije za Sampionat 2015"]
[Site "Kragujevac"]
[Date "2015.03.12"]
[Round "5.19"]
[White "Zivkovic, Nemanja"]
[Black "Bozilov, Dragan"]
[Result "1-0"]
[WhiteElo "2310"]
[BlackElo "1979"]
[PlyCount "75"]
[EventDate "2015.03.09"]

1. e4 c6 2. d4 d5 3. e5 Bf5 4. Nf3 e6 5. Be2 c5 6. Be3 Nd7 7. c4 cxd4 8. Nxd4
Bxb1 9. Rxb1 Bb4+ 10. Kf1 Ne7 11. Qa4 Bc5 12. Nxe6 fxe6 13. Bxc5 O-O 14. Bd6
Rf4 15. g3 Re4 16. Qa3 Nc6 17. cxd5 exd5 18. Qb3 Nb6 19. Bd3 Rg4 20. Kg2 Qg5
21. Rhf1 Nd4 22. Qd1 Ne6 23. Kh1 Rd4 24. f4 Qh6 25. f5 Ng5 26. Bc5 Ra4 27. Be3
d4 28. Bxg5 Qxg5 29. Qb3+ Kh8 30. Qf7 Qe3 31. f6 Rg8 32. fxg7+ Rxg7 33. Qf8+
Rg8 34. Qf6+ Rg7 35. Rf3 Qg5 36. Qf8+ Rg8 37. Qf7 Rg7 38. Qe6 1-0

[Event "Kvalifikacije za Sampionat 2015"]
[Site "Kragujevac"]
[Date "2015.03.12"]
[Round "5.20"]
[White "Rancic, Zoran"]
[Black "Djuricic, Dejan"]
[Result "1-0"]
[WhiteElo "2224"]
[BlackElo "2019"]
[PlyCount "43"]
[EventDate "2015.03.09"]

1. d4 Nf6 2. c4 c5 3. d5 g6 4. Nc3 d6 5. e4 Bg7 6. f3 O-O 7. Bg5 h6 8. Be3 e6
9. Qd2 exd5 10. cxd5 Kh7 11. Bd3 Nbd7 12. Nge2 Ne5 13. O-O Nxd3 14. Qxd3 a6 15.
a4 Re8 16. Rfb1 a5 17. Nb5 b6 18. Qd2 Ba6 19. Nec3 Qe7 20. Re1 g5 21. e5 Bxb5
22. exf6 1-0

[Event "Kvalifikacije za Sampionat 2015"]
[Site "Kragujevac"]
[Date "2015.03.12"]
[Round "5.21"]
[White "Jokic, Miodrag"]
[Black "Simic, Petar S"]
[Result "1-0"]
[WhiteElo "2100"]
[BlackElo "1904"]
[PlyCount "44"]
[EventDate "2015.03.09"]

1. d4 Nf6 2. Nf3 c5 3. d5 e6 4. c4 exd5 5. cxd5 d6 6. Nc3 g6 7. g3 Bg7 8. Bg2
O-O 9. O-O Re8 10. Nd2 Nbd7 11. a4 Ne5 12. h3 Qe7 13. a5 Bd7 14. f4 Neg4 15.
Nc4 Nh6 16. Kh2 Nf5 17. e4 Nd4 18. e5 dxe5 19. fxe5 Nh5 20. d6 Qd8 21. Bxb7
Bxe5 22. Nxe5 Rxe5 {...} 1-0

[Event "Kvalifikacije za Sampionat 2015"]
[Site "Kragujevac"]
[Date "2015.03.12"]
[Round "5.22"]
[White "Ilic, Slobodan S"]
[Black "Dodic, Dragan"]
[Result "1/2-1/2"]
[WhiteElo "1956"]
[BlackElo "2060"]
[PlyCount "62"]
[EventDate "2015.03.09"]

1. Nf3 Nf6 2. g3 d5 3. Bg2 e6 4. O-O Be7 5. d3 O-O 6. Nbd2 c5 7. e4 Nc6 8. Re1
b5 9. e5 Nd7 10. Nf1 Qc7 11. Bf4 Nd4 12. h4 Nxf3+ 13. Bxf3 Bb7 14. Nh2 Nb6 15.
Ng4 Kh8 16. Bg5 a5 17. Bg2 d4 18. Qd2 Bxg2 19. Kxg2 Nd5 20. Qe2 a4 21. Qf3 a3
22. b3 Rac8 23. Bxe7 Qxe7 24. Qe4 Nc3 25. Qf4 Nd5 26. Qe4 Nc3 27. Qf4 Rfd8 28.
Nh2 Nd5 29. Qe4 Nc3 30. Qf4 Nd5 31. Qe4 Nc3 1/2-1/2

[Event "Kvalifikacije za Sampionat 2015"]
[Site "Kragujevac"]
[Date "2015.03.12"]
[Round "5.23"]
[White "Trpkovic, Miroljub"]
[Black "Zivkovic, Vladisa"]
[Result "1/2-1/2"]
[WhiteElo "1940"]
[BlackElo "1787"]
[PlyCount "36"]
[EventDate "2015.03.09"]

1. e4 e5 2. Nf3 d6 3. Bc4 f5 4. d3 Nc6 5. c3 Nf6 6. Nbd2 Be7 7. Qb3 Na5 8. Qa4+
c6 9. Qc2 Nxc4 10. Nxc4 O-O 11. O-O fxe4 12. dxe4 Bg4 13. Qd3 Bxf3 14. Qxf3 Qc7
15. Qe2 Rad8 16. Bg5 h6 17. Bxf6 Bxf6 18. Rad1 b5 1/2-1/2

[Event "Kvalifikacije za Sampionat 2015"]
[Site "Kragujevac"]
[Date "2015.03.12"]
[Round "5.24"]
[White "Stojanovic, Vladimir M"]
[Black "Pavlasevic, Dragisa"]
[Result "1-0"]
[WhiteElo "1911"]
[BlackElo "1751"]
[PlyCount "77"]
[EventDate "2015.03.09"]

1. d4 e6 2. Nf3 f5 3. Bg5 Nf6 4. e3 Be7 5. c4 O-O 6. Nc3 d6 7. Qc2 Nc6 8. g3 e5
9. Bg2 h6 10. Bxf6 Bxf6 11. dxe5 Nxe5 12. Nd2 c6 13. O-O Be6 14. b3 Qa5 15.
Rac1 Rac8 16. Ne2 Nd7 17. Nf4 Bf7 18. h4 Nb6 19. h5 Qe5 20. Nf3 Qe4 21. Qd2 Qe8
22. Qa5 Bd8 23. Qxa7 Bxh5 24. Qa3 Bf7 25. Qxd6 Bc7 26. Qd2 Rd8 27. Qb4 Ra8 28.
a4 Qc8 29. Rfd1 Nd7 30. Ne2 Ne5 31. Nxe5 Bxe5 32. Rd3 Bh5 33. Nf4 Bxf4 34. exf4
Re8 35. Rc2 Qc7 36. Rcd2 Re1+ 37. Kh2 Rae8 38. Rd7 Qc8 39. Qxb7 1-0

[Event "Kvalifikacije za Sampionat 2015"]
[Site "Kragujevac"]
[Date "2015.03.12"]
[Round "5.26"]
[White "Ratkovic, Petar"]
[Black "Gagic, Miroljub"]
[Result "1-0"]
[WhiteElo "1816"]
[BlackElo "1803"]
[PlyCount "87"]
[EventDate "2015.03.09"]

1. d4 e6 2. Nf3 Nf6 3. e3 Nc6 4. a3 d6 5. b3 g6 6. Bb2 Bg7 7. Nbd2 O-O 8. Be2
Re8 9. O-O e5 10. dxe5 Ng4 11. Bb5 Bd7 12. Nc4 Ngxe5 13. Nfxe5 dxe5 14. Nd2 Qe7
15. Qe2 Rad8 16. Rfd1 a6 17. Bxc6 Bxc6 18. Nc4 Qg5 19. Qf1 Qf5 20. Rxd8 Rxd8
21. Rd1 Re8 22. Rd2 b6 23. Qd1 Bf6 24. a4 Qg5 25. Qf1 Qf5 26. Na3 Bb7 27. Nc4
h5 28. Qd1 Bc6 29. Qf1 h4 30. h3 g5 31. Qe2 Kg7 32. f3 Qe6 33. e4 Kg6 34. Ne3
Bb7 35. Qd1 Bc8 36. Nd5 Bd8 37. Ne3 Qe7 38. Bxe5 f6 39. Bb2 c6 40. Rd6 Qc7 41.
Nf5 Be6 42. f4 c5 43. Nxh4+ gxh4 44. f5+ 1-0

[Event "Kvalifikacije za Sampionat 2015"]
[Site "Kragujevac"]
[Date "2015.03.12"]
[Round "5.27"]
[White "Kokic, Miljko"]
[Black "Gajic, Aleksa"]
[Result "0-1"]
[WhiteElo "1536"]
[BlackElo "1795"]
[PlyCount "68"]
[EventDate "2015.03.09"]

1. e4 c5 2. Nf3 Nc6 3. Bb5 g6 4. Bxc6 bxc6 5. O-O Bg7 6. e5 Nh6 7. d4 cxd4 8.
Bxh6 Bxh6 9. Qxd4 O-O 10. Nc3 Qc7 11. Rad1 Ba6 12. Rfe1 Rfd8 13. Re4 c5 14. Qa4
Bb7 15. Rh4 Bxf3 16. Rxh6 Bxd1 17. Nxd1 Qxe5 18. Kf1 Qd4 19. Qxd4 cxd4 20. Rh3
Rdc8 21. c3 dxc3 22. Nxc3 Rab8 23. b3 e6 24. Rd3 Rc5 25. Ke2 Rbc8 26. Kd2 Kf8
27. Kc2 d5 28. Kb2 d4 29. Ne4 Rc2+ 30. Ka3 e5 31. g4 f5 32. gxf5 gxf5 33. Nd6
R8c3 34. Rxc3 Rxc3 0-1